000 00440nam a22001817a 4500
003 MPLRDC
005 20220104143300.0
008 210129b ||||| |||| 00| 0 eng d
020 _a7-81035-079-X
082 _a731 WY
100 _a王勇等主编
245 _a日本文化的历史踪迹
_c
250 _a一版一刷
260 _a
_b杭州大学出版社
_c1991
300 _b
650 _a日本史地
942 _cBK
_o731 WY
999 _c38385
_d38375